Plnenie štátneho rozpočtu SR za prvý polrok 1995
Analýza výsledkov rozpočtového hospodárenia SR za 1. polrok 1995. Priaznivý vývoj - prebytok 96,9 mil. Sk. Príjmy a výdavky štátneho rozpočtu.
Uložené v:
| Médium: | Kapitola |
|---|---|
| Jazyk: | Slovak |
| Predmet: | |
| Tagy: |
Žiadne tagy, Buďte prvý, kto otaguje tento záznam!
|
MARC
| LEADER | 00000naa a2200000 4500 | ||
|---|---|---|---|
| 001 | r018564 | ||
| 005 | 20221213095851.2 | ||
| 041 | 0 | |a slo | |
| 044 | |a SK | ||
| 245 | 1 | 0 | |a Plnenie štátneho rozpočtu SR za prvý polrok 1995 |
| 520 | |a Analýza výsledkov rozpočtového hospodárenia SR za 1. polrok 1995. Priaznivý vývoj - prebytok 96,9 mil. Sk. Príjmy a výdavky štátneho rozpočtu. | ||
| 610 | 2 | 0 | |a Slovensko |
| 610 | 2 | 0 | |a január-jún |
| 610 | 2 | 0 | |a 1995 |
| 610 | 2 | 0 | |a rozpočet štátny |
| 610 | 2 | 0 | |a výdavky rozpočtu štátneho |
| 610 | 2 | 0 | |a príjmy rozpočtu štátneho |